Hunger Games Main Character Quiz - Statistics

General Stats
  • This quiz has been taken 128 times
  • The average score is 20 of 35
Answer Stats
Hint Answer % Correct
Main Character/District 12 female tribute Katniss Everdeen
99%
District 12 male tribute Peeta Mellark
95%
Main Character's younger sister Primrose Everdeen
87%
Main Character's best male friend Gale Hawthorne
78%
Young tribute MC befriends in first games Rue
74%
MC's Capitol bred escort Effie Trinket
73%
MC's drunken mentor Haymitch Abernathy
72%
MC's District District 12
69%
^District 12 male tributes nickname in the games Lover Boy
68%
Tribute who MC mercy-kills Cato
65%
Tribute who spares MC's life Thresh
64%
Number of tributes MC kills in her first games 3
63%
MC's head stylist Cinna
63%
^District of said tribute District 11
62%
Axe-wielding angry female District 7 Tribute in MC's second games Johanna Mason
62%
^Tribute who kills said tribute with a spear Marvel
61%
MC's best weapon Bow and arrow
60%
Place where MC goes after her District is blown up District 13
60%
Cocky Male District 4 tribute in MC's second games Finnick Odair
58%
What flower does President Coriolanus Snow use to scare MC? White Rose
57%
Nickname MC's best male friend gives her Catnip
56%
Tribute who MC's lover accidentally kills Foxface
54%
MC's poorest part of town is called... The Seam
54%
Main Character's best female friend Madge Undersee
52%
Person who entrusts MC with holo Boggs
51%
MC's nickname Girl on Fire
51%
^Which two people does said Tribute save for MC to be in an alliance? (Female before male) (Separated by commas) Wiress, Beetee
51%
^Names of those tributes in timeline order (Separated by commas) Glimmer, Marvel, Cato
50%
MC's nemesis Coriolanus Snow
49%
What does MC call her little sister on Reaping Day? Little Duck
44%
Which games were the MC (Main Character) a part of? 74th and 75th
41%
MC's three other stylists in alphabetical order (Separated by commas) Flavius, Octavia, Venia
34%
Person who distrusts MC with holo Jackson
32%
MC's favorite meal Lamb stew
27%
Person who defends MC having the holo Homes
8%
No matching quizzes found
Score Distribution
Percent of People with Each Score
Percentile by Number Answered
Your Score History
You have not taken this quiz